| 000 | 00438cam a2200169ua 4500 | ||
|---|---|---|---|
| 003 | OSt | ||
| 008 | 241218b |||||||| |||| 00| 0 eng d | ||
| 020 | _a9780070699670 | ||
| 082 |
_a621.31042 _bNAG/EL |
||
| 100 |
_aKothari D.P . _9359 |
||
| 100 |
_aNagrath I.J . _91329 |
||
| 245 | _aElectric Machines / | ||
| 250 | _a / 4 | ||
| 260 |
_aNew Delhi : _bTata Mc-Graw Hill Publishing Company , _c2014 |
||
| 300 | _a684 ; .914 | ||
| 942 | _cBK | ||
| 999 |
_c1478 _d1478 |
||